| 000 | 00545nam a2200193 a 4500 | ||
|---|---|---|---|
| 001 | BRCA_6013 | ||
| 005 | 20190320205311.0 | ||
| 008 | 010411s1954----si-ab#####---#000-0#eng-# | ||
| 041 | _aeng | ||
| 044 | _asi | ||
| 050 | 4 |
_aDS592 _b.M35 1954 |
|
| 245 | 1 | 0 |
_aMalaya _ba guide for businessmen and visitors. |
| 260 |
_aSingapur _bPulic Relations Office _c1954 |
||
| 300 |
_a68 p. _bil. (algunas a color), mapas _c26 cm. |
||
| 500 | _aG117F | ||
| 651 | 4 |
_aMalasia _vGuías de viajeros _xDescripción y viajes _915186 |
|
| 902 | _aGFM | ||
| 942 |
_2lcc _cB |
||
| 999 |
_c5702 _d5702 |
||